Tom Clancy's Rainbow Six Siege - Statistics

General Stats
  • This quiz has been taken 66 times
  • The average score is 8 of 15
Answer Stats
Hint Answer % Correct
Which operator has the gadget called Skeleton Key? Buck
98%
Name one of Thermite's throw-ables. Stun/Smoke
85%
Which operator has the Flip Sight? Glaz
81%
Which operator has a gadget known as a Candella? Ying
81%
Which operator has Truma Plates? Rook
78%
Which operator has the gadget called LV Explosive Lance? Kali
72%
Which operator was released the same season as Kali? Wamai
67%
Other than nitro cell, what utility does Pulse have? Barbed Wire
54%
Which map was introduced with the release of Solis? Nighthaven Labs
39%
Which non-shotgun and non-sniper primary weapon has has the smallest magazine size? P10 Roni
33%
Which secondary gun does Ace have? P9
31%
What is the name of Kaid's Shotgun? TCSG12
26%
What is the name of Maestro's shotgun? ACS12
20%
What was the name of the season with the realase of Border? Dust Line
19%
What is the name of the season with the release of Osa? Crystal Guard
11%
No matching quizzes found
Score Distribution
Percent of People with Each Score
Percentile by Number Answered
Your Score History
You have not taken this quiz